书目信息 |
| 题名: |
制浆造纸工艺学
|
|
| 作者: | 隆言泉 主编 | |
| 分册: | ||
| 出版信息: | 北京 轻工业出版社 1980 |
|
| 页数: | 2册 | |
| 开本: | 25cm | |
| 丛书名: | ||
| 单 册: | ||
| 中图分类: | TS7 | |
| 科图分类: | ||
| 主题词: | 制浆-造纸--工艺学 , 造纸-制浆--工艺学 | |
| 电子资源: | ||
| ISBN: | ||
| 000 | 00645nam0 2200241 45 | |
| 001 | 0180003488 | |
| 005 | 20060820110418.89 | |
| 010 | @dCNY2.30 | |
| 091 | @aCN@b15042.1565(下) | |
| 100 | @a19950412d1980 em y0chiy0121 ea | |
| 101 | 0 | @achi |
| 102 | @aCN@b110000 | |
| 105 | @ay z 000yy | |
| 200 | 10 | @a制浆造纸工艺学@Azhi jiang zao zhi gong yi xue@f隆言泉主编 |
| 210 | @a北京@c轻工业出版社@d1980 | |
| 215 | @a2册@d25cm | |
| 606 | @a制浆-造纸@x工艺学 | |
| 606 | @a造纸-制浆@x工艺学 | |
| 690 | @aTS7@v3 | |
| 701 | 0 | @a隆言泉@Along yan quan@4主编 |
| 801 | 0 | @aCN@bTSSF@c20060820 |
| 801 | 2 | @aCN@bNLC@c20060815 |
| 905 | @a10447@dTS7@e8:2 | |
| 制浆造纸工艺学/隆言泉主编.-北京:轻工业出版社,1980 |
| 2册;25cm |
| ISBN :CNY2.30 |
| ● |
| 相关链接 |
|
|
|
|
正题名:制浆造纸工艺学
索取号:TS7/8:2
 
预约/预借
| 序号 | 登录号 | 条形码 | 馆藏地/架位号 | 状态 | 备注 |
| 1 | 0458440 | 204584404 | 密集书库/ [索取号:TS7/8:2] | 在馆 | |
| 2 | 0458441 | 204584413 | 密集书库/ [索取号:TS7/8:2] | 在馆 | |
| 3 | 0470339 | 204703393 | 密集书库/ [索取号:TS7/8:2] | 在馆 |